Complete guide to fishing : ice fishing

Bibliographic Details
Main Author: Nordin, Hans
Format: Book
Published: Sweden : Mason Creasty Publishers , 2002
Subjects:

MARC

LEADER 00000cam a2200000 7i4500
001 0000016763
005 20080429.0
008 080429
020 |a 1590844971 
090 0 0 |a 799.124   |b NOR 
100 1 |a Nordin, Hans 
245 1 0 |a Complete guide to fishing :   |b ice fishing   |c Hans Nordin 
260 |a Sweden :   |b Mason Creasty Publishers ,   |c 2002 
650 0 |a Fishing   |x Ice fishing 
650 0 |a Fishing   |x Techniques 
650 0 |a Fishing   |x Theory 
999 |a 0001013923   |b Book   |c REFERENCE   |e Perbadanan Perpustakaan Awam Johor